00446nam a2200145 a 450000500170000000800410001702000180005805000250007610000210010124500590012226000510018130000170023244000330024965000180028220140412111247.0010907s19uu xx 00 eng d a0-85229-298-8 aR 030bF12 1994,v.11 aFadiman, Clifton aThe people and places book /ctext by Clifton Fadiman. a[S.l.] :bEncyclopedia Britannica, Inc,c1994. a60 p. ; ill. aBritannica Discovery Library aEncyclopedias